Nom des Porteurs de Miraculous Chinois - Statistiques

Statistiques générales
  • Ce quiz a été pris 203 fois
  • Le résultat moyen est 16 sur 19
Statistiques - réponses
Animal Porteur % Correct
Chat Noir Adrien
100%
Coccinelle Marinette
100%
Renard Alya
93%
Tortue Nino
91%
Serpent Luka
90%
Dragon Kagami
88%
Abeille Zoé
88%
Lapin Alix
87%
Singe Kim
87%
Cochon Rose
86%
Tigre Juleka
84%
Buffle Ivan
81%
Cheval Max
80%
Chien Sabrina
80%
Paon Félix
79%
Rat Mylène
78%
Chèvre Nathaniel
74%
Papillon Lila
72%
Coq Marc
71%
Aucun quiz correspondant
Distribution des résultats
% des personnes avec chaque résultat
Percentile par nombre de réponses
Votre historique - résultats
Vous n’avez pas pris ce quiz